000 00916nam a2200301 i 4500
001 000038863
003 DO-SdBNP
005 20251027144943.0
007 ta
008 130430s1989 dr 000 0 spa d
040 _aDO-SdBNP
_bspa
_cBNPHU
_erda
041 _aspa
082 4 _aRD863.44
_bB171c 1989
_222
100 1 _aBalaguer, Joaquín,
_d1906-2002
_eautor
_4aut.
_976556
245 1 4 _aLos carpinteros /
_cJoaquín Balaguer.
250 _aOctava edición
264 1 _aSanto Domingo :
_bCorripio,
_c1989.
300 _a431 páginas ;
_c24 cm.
336 _atexto
_btxt
_2rdacontent
337 _ardamedia
_bsin mediación
_2n
338 _avolumen
_bnc
_2rdacarrier
500 _aIncluye notas al pie de las páginas
590 _aInventariado, 2020/DG
650 4 _aNovela dominicana
_9223
650 4 _aLiteratura dominicana
_978377
910 _aDG. Validado control de calidad/MAA
942 _2ddc
_cLBS1
999 _c38353
_d38353